Statistics for Movies by Death #1

Click here to take the quiz!

General Stats

  • This quiz has been taken 74,223 times
  • The average score is 10 of 21

Answer Stats

DeathMovie% Correct
Attacked by great white shark
while skinny dipping
Jaws
93%
Hypothermia in the Atlantic while
girlfriend floats on a door
Titanic
90%
Stabbed in the showerPsycho
82%
Boxed to death by Ivan DragoRocky IV
71%
Trampled by wildebeestsThe Lion King
70%
Fell off the Empire State BuildingKing Kong
65%
Drove into the Grand CanyonThelma & Louise
53%
Nuclear explosion on a meteorArmageddon
50%
Froze to death in a hedge mazeThe Shining
50%
Chose poorly and drank
from a fancy grail
Indiana Jones and
the Last Crusade
49%
Melted in a vat of molten steel
with thumbs up
Terminator 2
48%
Ate poisonous nightlock berriesThe Hunger Games
38%
Shot while pretending to be a zombieZombieland
35%
Axe to head and then stuffed
into a wood chipper
Fargo
33%
Shot on a boat in Lake Tahoe
as ordered by his brother
The Godfather Part II
33%
Russian roulette in VietnamThe Deer Hunter
31%
Fell from a plane astride an A-bombDr. Strangelove
29%
Axe to head while listening to
"Hip to be Square"
American Psycho
26%
Surfed the 50 year storm in AustraliaPoint Break
21%
Beaten to death with a bowling pinThere Will be Blood
15%
Beaten with baseball bats in
a cornfield, then buried
Casino
14%

Score Distribution

Percentile by Number Answered

Percent of People with Each Score

Your Score History

You have not taken this quiz